International code for the construction and equipment of ships carrying.. (Record no. 4868)

000 -LEADER
fixed length control field 00358nam a2200133Ia 4500
008 - FIXED-LENGTH DATA ELEMENTS--GENERAL INFORMATION
fixed length control field 200103s 1986 ||||xx |||||||||||||| ||und||
020 ## - INTERNATIONAL STANDARD BOOK NUMBER
International Standard Book Number 9280112082
082 ## - DEWEY DECIMAL CLASSIFICATION NUMBER
Classification number 623.888
Item number IMO
100 ## - MAIN ENTRY--PERSONAL NAME
Personal name IMO
245 #0 - TITLE STATEMENT
Title International code for the construction and equipment of ships carrying..
260 ## - PUBLICATION, DISTRIBUTION, ETC. (IMPRINT)
Name of publisher, distributor, etc IMO
Date of publication, distribution, etc 1986
Place of publication, distribution, etc London
300 ## - PHYSICAL DESCRIPTION
Extent 142p.
942 ## - ADDED ENTRY ELEMENTS (KOHA)
Item type Books
Holdings
Withdrawn status Lost status Source of classification or shelving scheme Damaged status Not for loan Collection code Permanent location Current location Shelving location Date acquired Full call number Barcode Date last seen Koha item type Public note
          Non-fiction IMU-MPC Library IMU-MPC Library General Stacks 2020-01-08 623.888 IMO LBS8101 2025-03-17 Books Column-12
Copyright © 2021 Indian Maritime University, Mumbai Port Campus. All Rights Reserved. Managed & Maintained by Central Library, IMU-Mumbai

webs counters

Powered by Koha